000 00719nam a2200205Ia 4500
003 GCL
008 140319s9999 xx 000 0 ara d
040 _aGCL /
_cGCL
082 0 4 _a001.6424
_bل ب
100 1 _aبو، ارثر
245 1 0 _aالبرمجة بالفورتران يتضمن الفورتران الهيكلى /
_cبو، ارثر
700 1 _aماجدة صلاح الدين سلامة
700 1 _aليبشتز، سيمور
260 _a[S.N] :
_bالدار الدولية للنشر والتوزيع ،
_c1992
300 _a387
490 _aسلسلة ملخصات شوم
_v0
650 0 4 _aالفورتران
650 0 4 _aبرامج الحاسبات الالكترونية
942 _2ddc
_cBK
999 _c52372
_d52372